Countries of North America - 30 Second Sprint - Statistics

General Stats
  • This quiz has been taken 932 times
    908 since last reset
  • The average score is 14 of 23
Answers on the Map
Answers color-coded by a green-red scale on the quiz's map according to % correct below.
 
Answer Stats
Country % Correct
United States
100%
Canada
99%
Mexico
98%
Cuba
84%
Panama
79%
Haiti
75%
Guatemala
68%
Honduras
67%
Belize
66%
Costa Rica
66%
Bahamas
65%
Dominica
63%
Jamaica
63%
El Salvador
61%
Nicaragua
61%
Dominican Republic
48%
Saint Kitts and Nevis
39%
Saint Lucia
36%
Barbados
35%
Saint Vincent and the Grenadines
35%
Antigua and Barbuda
31%
Grenada
28%
Trinidad and Tobago
27%
No matching quizzes found
Score Distribution
Percent of People with Each Score
Percentile by Number Answered
Your Score History
You have not taken this quiz since the last reset